Detalles MARC
| 000 -CABECERA |
| campo de control de longitud fija |
03758nam a2200277 4500 |
| 003 - IDENTIFICADOR DEL NÚMERO DE CONTROL |
| campo de control |
DO-SdBJH |
| 005 - FECHA Y HORA DE LA ÚLTIMA TRANSACCIÓN |
| campo de control |
20260609223020.0 |
| 008 - DATOS DE LONGITUD FIJA--INFORMACIÓN GENERAL |
| campo de control de longitud fija |
260526b2025 |||dja|| |||| 00| 0 spa d |
| 040 ## - FUENTE DE LA CATALOGACIÓN |
| Centro catalogador/agencia de origen |
DO-SdBJH |
| Lengua de catalogación |
spa |
| Centro/agencia transcriptor |
DO-SdBJH |
| 041 0# - CÓDIGO DE LENGUA |
| Código de lengua del texto/banda sonora o título independiente |
spa |
| 090 ## - LOCALMENTE ASIGNADO TIPO-LC NÚMERO DE CLASIFICACIÓN (OCLC); NÚMERO DE CLASIFICACIÓN LOCAL (RLIN) |
| Número de clasificación (OCLC) (R) ; Numero de clasificación, CALL (RLIN) (NR) |
CT E-CEMFT 0011 |
| Número cutter local (OCLC) ; Número de libro/Signatura topográfica íntegra, CALL (RLIN) |
EGEMERD 2025 |
| 100 1# - ENTRADA PRINCIPAL--NOMBRE DE PERSONA |
| Nombre de persona |
Samuel Pinales Pichardo |
| Término indicativo de función/relación |
sustentante |
| 245 10 - MENCIÓN DE TÍTULO |
| Título |
Propuesta de un programa tecnologico para un sistema de gestion de logistica en la Acadenia Militar Batalla de las : |
| Resto del título |
Carreras del Ejercito de la República Dominicana, año 2025 / |
| Mención de responsabilidad, etc. |
Samuel Pinales Pichardo, Noel Adramel Almonte Soto; asesor metodológico Fanny Torres Rosario ; asesor de contenido Sócrates E. Aguasvivas Delgado |
| 260 ## - PUBLICACIÓN, DISTRIBUCIÓN, ETC. |
| Lugar de publicación, distribución, etc. |
Santo Domingo, República Dominicana : |
| Nombre del editor, distribuidor, etc. |
UNADE, |
| Fecha de publicación, distribución, etc. |
2025. |
| 300 ## - DESCRIPCIÓN FÍSICA |
| Extensión |
xvii, 61 páginas : |
| Otras características físicas |
Gráficas, tablas. |
| 502 ## - NOTA DE TESIS |
| Nota de tesis |
Tesis y trabajo de grado (Especialidad en Comando y Estado Mayor para las Fuerzas Terrestres) --Universidad Nacional para la Defensa "General Juan Pablo Duarte y Díez", Escuela de Graduados de Estudios Militares del Ejercito de República Dominicana, Santo Domingo 2025. |
| 504 ## - NOTA DE BIBLIOGRAFÍA, ETC. |
| Nota de bibliografía, etc. |
Incluye referencias bibliográficas, apéndice y anexos. |
| 505 ## - NOTA DE CONTENIDO CON FORMATO |
| Nota de contenido con formato |
Evolución histórica y generalidades de la logística militar con relación al desarrollo y uso de programas Tecnológicos en la Academia Militar ERD -- Estado actual y necesidades del sistema de gestión logística de la Academia Militar Batallas de las Carreras --Propuesta para el desarrollo de un programa tecnológico para un sistema de Gestión de Logística en la Academia Militar Batallas de las Carreras del Ejercito de República Dominicana. |
| 520 ## - SUMARIO, ETC. |
| Sumario, etc. |
Este trabajo de investigación tiene como objetivo principal proponer un programa tecnológico para un sistema de gestión de logística en la Academia Militar Batalla d las Carreras del Ejercito de República Dominicana, con miras a su implementación en 2025. El objetivo es modernizar los procesos logísticos utilizando tecnología avanzada para mejorar el control y la gestión de armas, propiedades recursos e inventarios. El método seleccionado emplea un enfoque de métodos mixtos, integrando tanto el análisis cualitativo como el cuantitativo. Hablamos con oficiales que solían ser Oficiales de Logística en la academia Militar, observamos los eventos en tiempo real y realizamos un análisis FODA para averiguar como esta funcionando el el sistema logístico en este momento. Además se analizaron los antecedentes históricos y se investigaron las mejores practicas de implementación de tecnologías similares e instituciones militares. Entre las evidencias principales se encontró una dependencia de Microsoft Word y Excel para llevar controles de inventarios, lo que restringe la automatización, la eficacia y la trazabilidad. También se identifico falta de capacitación del personal hay algunos procesos manuales y un sistema desconectado de las demás dependencias de logística del ejercito que impide la gestión en tiempo real. Este trabajo concluye que la implementación de un sistema tecnológico integrado y automatizado que fortalecerá la gestión logística, garantizara una mejor observación d los recursos y contribuirá a la formación de oficiales mejor preparados, en linea con las tendencias modernas de innovación en las Fuerzas Armadas. |
| 650 #7 - PUNTO DE ACCESO ADICIONAL DE MATERIA--TÉRMINO DE MATERIA |
| Fuente del encabezamiento o término |
lemb |
| Término de materia o nombre geográfico como elemento de entrada |
Logística militar |
| Subdivisión de forma |
Tesis y disertaciones académicas |
| Subdivisión general |
Innovaciones tecnológicas |
| Subdivisión geográfica |
República Dominicana |
| 650 #7 - PUNTO DE ACCESO ADICIONAL DE MATERIA--TÉRMINO DE MATERIA |
| Fuente del encabezamiento o término |
lemb |
| Término de materia o nombre geográfico como elemento de entrada |
Control de inventarios |
| Subdivisión de forma |
Tesis y disertaciones académicas |
| Subdivisión general |
Sistemas de información |
| 700 1# - PUNTO DE ACCESO ADICIONAL--NOMBRE DE PERSONA |
| Nombre de persona |
Almonte Soto, Noel Adramel |
| Término indicativo de función/relación |
sustentante |
| 700 1# - PUNTO DE ACCESO ADICIONAL--NOMBRE DE PERSONA |
| Nombre de persona |
Torres Rosario, Fanny |
| Término indicativo de función/relación |
asesor metodológico |
| 700 1# - PUNTO DE ACCESO ADICIONAL--NOMBRE DE PERSONA |
| Nombre de persona |
Aguasvivas Delgado, Sócrates E. |
| Término indicativo de función/relación |
asesor de contenido |
| 942 ## - ELEMENTOS DE PUNTO DE ACCESO ADICIONAL (KOHA) |
| Fuente del sistema de clasificación o colocación |
Clasificación Local |
| Tipo de ítem Koha |
Tesis |